[Event "Scarborough CC-ch U1800"]
[Site "Toronto CAN"]
[Date "2013.04.04"]
[Round "3"]
[White "Smith, Maurice"]
[Black "Armstrong, Robert J"]
[Result "1/2-1/2"]
[WhiteElo "1461"]
[BlackElo "1613"]
[PlyCount "46"]
[GameId "2160767909373045"]
[EventDate "2013.03.21"]
[EventType "swiss"]
[EventRounds "9"]
[EventCountry "CAN"]

1. e4 g6 2. d4 Bg7 3. c4 d6 4. Nf3 Nf6 5. Nc3 O-O 6. Be2 Nc6 7. O-O e5 8. dxe5 Nxe5 9. Nxe5 dxe5 10. Qxd8 Rxd8 11. Bg5 Rd7 12. Bxf6 Bxf6 13. Nd5 Bd8 14. Rad1 c6 15. Ne3 Rxd1 16. Rxd1 Be6 17. Bg4 Bxg4 18. Nxg4 Bc7 19. Rd7 Rc8 20. Nh6+ Kg7 21. Ng4 h5 22. Ne3 Kf8 23. Kf1 Ke8 1/2-1/2

[Event "Scarborough CC-ch U1800"]
[Site "Toronto CAN"]
[Date "2013.04.11"]
[Round "4"]
[White "Armstrong, Robert J"]
[Black "Guo, Thomas"]
[Result "1-0"]
[WhiteElo "1613"]
[BlackElo "1616"]
[PlyCount "65"]
[GameId "2160767909373046"]
[EventDate "2013.03.21"]
[EventType "swiss"]
[EventRounds "9"]
[EventCountry "CAN"]

1. g3 d5 2. Bg2 Nf6 3. c4 e6 4. Qb3 c6 5. cxd5 exd5 6. Nc3 Bd6 7. d4 O-O 8. Bg5 h6 9. Bd2 Qc7 10. Rc1 Qe7 11. Nh3 Nbd7 12. O-O Nb6 13. Bf4 Nc4 14. Qc2 Be6 15. Bxd6 Nxd6 16. Nf4 Bf5 17. Qb3 g5 18. Nd3 Nde4 19. Nxe4 Nxe4 20. Rcd1 Nd6 21. e3 Bg4 22. Rde1 Nc4 23. Qc3 b6 24. b3 Na5 25. Ne5 Be6 26. f4 Kg7 27. fxg5 hxg5 28. Rf6 Kxf6 29. Nd7+ Kg7 30. Nxf8 Rxf8 31. e4 Re8 32. exd5 Qf6 33. Bh3 1-0

[Event "Scarborough CC-ch U1800"]
[Site "Toronto CAN"]
[Date "2013.04.18"]
[Round "5"]
[White "Viado, Adrin"]
[Black "Armstrong, Robert J"]
[Result "1-0"]
[WhiteElo "1315"]
[BlackElo "1613"]
[PlyCount "85"]
[GameId "2160767909373047"]
[EventDate "2013.03.21"]
[EventType "swiss"]
[EventRounds "9"]
[EventCountry "CAN"]

1. e4 g6 2. d4 Bg7 3. c4 d6 4. Nf3 Nf6 5. Bd3 O-O 6. O-O Nc6 7. a3 e5 8. d5 Ne7 9. Nc3 Nd7 10. Be3 f5 11. exf5 gxf5 12. Ng5 Nf6 13. f4 Ng4 14. Qd2 h6 15. Ne6 Bxe6 16. dxe6 e4 17. Be2 Nxe3 18. Qxe3 Nc6 19. Rad1 Rc8 20. b4 Qf6 21. Nd5 Qxe6 22. c5 Qe8 23. Bc4 Kh8 24. Bb5 a6 25. Ba4 Qf7 26. Bb3 Qh5 27. Rd2 Rfe8 28. Bc4 dxc5 29. bxc5 Ne7 30. Rfd1 Nxd5 31. Rxd5 Qh4 32. Rxf5 Rcd8 33. Rfd5 Rxd5 34. Rxd5 Qg4 35. h3 Qh4 36. Kh2 Rf8 37. g3 Qf6 38. Qxe4 Qb2+ 39. Kh1 Qa1+ 40. Kg2 Qb2+ 41. Kf3 Qc1 42. Kg4 c6 43. Rd7 1-0

[Event "Scarborough CC-ch U1800"]
[Site "Toronto CAN"]
[Date "2013.04.25"]
[Round "6"]
[White "Aghamalian, Leonid"]
[Black "Armstrong, Robert J"]
[Result "0-1"]
[WhiteElo "1411"]
[BlackElo "1613"]
[PlyCount "60"]
[GameId "2160767909373048"]
[EventDate "2013.03.21"]
[EventType "swiss"]
[EventRounds "9"]
[EventCountry "CAN"]

1. e4 g6 2. d4 Bg7 3. Nf3 d6 4. Be3 Nf6 5. Nbd2 O-O 6. Bd3 Nc6 7. c3 e5 8. d5 Ne7 9. Qb3 Ng4 10. h3 Nxe3 11. fxe3 Bh6 12. Ke2 f5 13. c4 b6 14. exf5 gxf5 15. e4 fxe4 16. Bxe4 Nf5 17. Bxf5 Bxf5 18. g4 Bd7 19. Ne4 Rf4 20. Qd3 Qe7 21. Raf1 Raf8 22. Nfd2 Qh4 23. Rxf4 Rxf4 24. Rf1 Be8 25. Qg3 Qxg3 26. Nxg3 Rd4 27. Nge4 Bg6 28. Nf6+ Kh8 29. Rd1 Bd3+ 30. Ke1 Bc2 0-1

[Event "Scarborough CC-ch U1800"]
[Site "Toronto CAN"]
[Date "2013.04.25"]
[Round "6"]
[White "Dattani, Dinesh"]
[Black "Mesiti, Silvano"]
[Result "1/2-1/2"]
[WhiteElo "1393"]
[BlackElo "1582"]
[PlyCount "106"]
[GameId "2160767909373049"]
[EventDate "2013.03.21"]
[EventType "swiss"]
[EventRounds "9"]
[EventCountry "CAN"]

1. d4 d5 2. g3 Nf6 3. Bg2 Bf5 4. c4 e6 5. Nc3 c6 6. Nf3 h6 7. Qb3 Qb6 8. Qxb6 axb6 9. b3 Bb4 10. Bd2 Nbd7 11. O-O O-O 12. cxd5 exd5 13. h3 Rfe8 14. Rfe1 Ra6 15. g4 Bh7 16. Nh4 b5 17. Nf5 Rea8 18. e4 Bxc3 19. Bxc3 dxe4 20. Bxe4 Rxa2 21. Bf3 Rxa1 22. Rxa1 Rxa1+ 23. Bxa1 Bxf5 24. gxf5 Nd5 25. Kf1 N7f6 26. Ke2 Nf4+ 27. Ke3 Nxh3 28. Bg2 Ng5 29. Kf4 Nd7 30. d5 cxd5 31. Bxd5 Nc5 32. Bd4 b6 33. Ke5 Kf8 34. Kd6 Nce4+ 35. Kc6 h5 36. f4 Nf3 37. Bxb6 Ned2 38. Be3 h4 39. Bxd2 Nxd2 40. b4 h3 41. Kxb5 Ke8 42. Kc6 Kd8 43. Kb7 h2 44. b5 Nc4 45. b6 Ke7 46. Kc7 Nxb6 47. Kxb6 Kd6 48. Be4 g6 49. fxg6 fxg6 50. Kb5 Ke6 51. Kc4 Kf6 52. Kd3 g5 53. fxg5+ Kxg5 1/2-1/2

[Event "Scarborough CC-ch U1800"]
[Site "Toronto CAN"]
[Date "2013.05.02"]
[Round "7"]
[White "Armstrong, Robert J"]
[Black "Azizi, Hamid"]
[Result "1/2-1/2"]
[WhiteElo "1613"]
[BlackElo "1428"]
[PlyCount "54"]
[GameId "2160767909373050"]
[EventDate "2013.03.21"]
[EventType "swiss"]
[EventRounds "9"]
[EventCountry "CAN"]

1. g3 c6 2. Bg2 Nf6 3. c4 e6 4. Qb3 d5 5. cxd5 Nxd5 6. Nc3 Be7 7. Nxd5 exd5 8. d3 Qa5+ 9. Bd2 Qb6 10. Qxb6 axb6 11. Bc3 O-O 12. e4 dxe4 13. dxe4 Be6 14. a3 Nd7 15. Ne2 Bc4 16. Nd4 Bf6 17. f4 Rfe8 18. e5 Rad8 19. O-O-O Be7 20. Nf5 Bf8 21. Rd4 Be6 22. Nd6 Nc5 23. Kb1 Bxd6 24. Rxd6 Rxd6 25. exd6 Bf5+ 26. Ka2 Be6+ 27. Kb1 Bf5+ 1/2-1/2

[Event "Scarborough CC-ch U1800"]
[Site "Toronto CAN"]
[Date "2013.05.02"]
[Round "7"]
[White "Kurkowski, Ken"]
[Black "Moran-Venegas, Mario"]
[Result "1-0"]
[WhiteElo "1539"]
[BlackElo "1844"]
[PlyCount "63"]
[GameId "2160767909373051"]
[EventDate "2013.03.21"]
[EventType "swiss"]
[EventRounds "9"]
[EventCountry "CAN"]

1. d4 Nf6 2. Nf3 g6 3. Nc3 Bg7 4. e4 d6 5. Be3 O-O 6. Qd2 Re8 7. Be2 a5 8. O-O-O Ng4 9. Rhe1 Nxe3 10. Qxe3 Nc6 11. e5 e6 12. Nb5 d5 13. Kb1 a4 14. a3 Na7 15. Nxa7 Rxa7 16. Bd3 Bd7 17. h4 b5 18. h5 Re7 19. Rh1 Qf8 20. hxg6 fxg6 21. Ng5 h6 22. Bxg6 b4 23. Nh7 Qb8 24. Nf6+ Kf8 25. Nh7+ Kg8 26. Nf6+ Bxf6 27. exf6 bxa3 28. Qxa3 Rb7 29. Qxe7 Rxb2+ 30. Kc1 Rb1+ 31. Kd2 Rxd1+ 32. Rxd1 1-0

[Event "Scarborough CC-ch U1800"]
[Site "Toronto CAN"]
[Date "2013.05.09"]
[Round "8"]
[White "Armstrong, Robert J"]
[Black "Zhao, Yanchun"]
[Result "0-1"]
[WhiteElo "1613"]
[BlackElo "1539"]
[PlyCount "65"]
[GameId "2160767909373052"]
[EventDate "2013.03.21"]
[EventType "swiss"]
[EventRounds "9"]
[EventCountry "CAN"]

1. g3 d5 2. Bg2 Nf6 3. c4 c6 4. Qb3 e6 5. d4 Be7 6. Nc3 Nbd7 7. cxd5 exd5 8. Bf4 Qb6 9. Qxb6 axb6 10. e4 dxe4 11. Nxe4 Nxe4 12. Bxe4 Bb4+ 13. Kf1 O-O 14. a3 Nf6 15. Bf3 Rd8 16. Ne2 Bh3+ 17. Bg2 Bg4 18. f3 Bf5 19. Kf2 Be7 20. Bc7 Rd5 21. Rhe1 Bd8 22. Be5 b5 23. Nc3 Rd7 24. Ne4 Nxe4+ 25. fxe4 Be6 26. Rad1 Bb6 27. Bf3 Rad8 28. Kg2 f6 29. d5 cxd5 30. exd5 Bxd5 31. Rc1 Bxf3+ 32. Kxf3 Rd3+ 33. Re3 0-1

[Event "Scarborough CC-ch U1800"]
[Site "Toronto CAN"]
[Date "2013.05.09"]
[Round "8"]
[White "Dattani, Dinesh"]
[Black "Bercovici, Mark"]
[Result "1-0"]
[WhiteElo "1393"]
[BlackElo "1306"]
[PlyCount "83"]
[GameId "2160767909373053"]
[EventDate "2013.03.21"]
[EventType "swiss"]
[EventRounds "9"]
[EventCountry "CAN"]

1. g3 e5 2. Bg2 d5 3. Nf3 Nc6 4. O-O Nf6 5. c4 Be6 6. Ng5 Bf5 7. Nc3 h6 8. Nf3 Qd7 9. Qb3 d4 10. Qxb7 Rb8 11. Nxe5 Rxb7 12. Nxd7 Bxd7 13. Nb5 a6 14. Nxd4 Rb6 15. Nf3 Bc5 16. e3 O-O 17. d4 Be7 18. b3 Rfb8 19. Bd2 a5 20. Ne5 Bb4 21. c5 Ra6 22. Nxd7 Nxd7 23. Rfd1 Bxd2 24. Rxd2 Nf6 25. d5 Ne7 26. e4 Nc8 27. e5 Nd7 28. c6 Nxe5 29. Re1 f6 30. f4 Nf7 31. Re8+ Kh7 32. Bh3 Raa8 33. Rde2 Nb6 34. R8e7 Nd6 35. Rxc7 Nxd5 36. Rd7 Nc3 37. Ree7 Ne8 38. Bf5+ Kh8 39. c7 Rc8 40. Rf7 Kg8 41. Be6 Kh8 42. Rf8+ 1-0

[Event "Scarborough CC-ch U1800"]
[Site "Toronto CAN"]
[Date "2013.05.16"]
[Round "9"]
[White "Dattani, Dinesh"]
[Black "Armstrong, Robert J"]
[Result "0-1"]
[WhiteElo "1393"]
[BlackElo "1613"]
[PlyCount "88"]
[GameId "2160767909373054"]
[EventDate "2013.03.21"]
[EventType "swiss"]
[EventRounds "9"]
[EventCountry "CAN"]

1. e4 g6 2. d4 Bg7 3. Nf3 d6 4. Be3 Nf6 5. Nbd2 O-O 6. h3 Nc6 7. c3 e5 8. dxe5 Nxe5 9. Nxe5 dxe5 10. Qc2 Be6 11. Nc4 Nd7 12. Be2 b6 13. O-O Qh4 14. Nd2 f5 15. Nf3 Qe7 16. Ng5 f4 17. Nxe6 Qxe6 18. Bg4 Qf7 19. Bd2 Kh8 20. Qa4 Nf6 21. Bf3 g5 22. Rad1 h5 23. g4 fxg3 24. fxg3 Qg6 25. Qc6 Rac8 26. g4 h4 27. c4 Kh7 28. Bc3 Qe8 29. Qxe8 Rcxe8 30. Rd3 Rf7 31. Rfd1 Ng8 32. Kg2 Ref8 33. b4 Ne7 34. b5 Ng6 35. Bd2 Nf4+ 36. Bxf4 Rxf4 37. Re3 R8f7 38. Rd8 Bf8 39. Red3 R4f6 40. R8d7 Bd6 41. Rd8 Rf8 42. Rd7+ R6f7 43. Rxf7+ Rxf7 44. Ra3 Bxa3 0-1

[Event "TORO"]
[Site "Gatineau CAN"]
[Date "2013.06.07"]
[Round "1"]
[White "Masse, Hugues"]
[Black "Yang, Ryan2"]
[Result "1-0"]
[WhiteElo "2153"]
[BlackElo "1866"]
[PlyCount "67"]
[GameId "2160767909347710"]
[EventDate "2013.06.07"]
[EventType "swiss"]
[EventRounds "5"]
[EventCountry "CAN"]

1. d4 Nf6 2. c4 e6 3. Nc3 c5 4. d5 exd5 5. cxd5 d6 6. e4 g6 7. Bd3 Bg7 8. h3 O-O 9. Nf3 b6 10. O-O Ba6 11. Re1 Bxd3 12. Qxd3 a6 13. a4 Nbd7 14. Bf4 Qc7 15. Qd2 Rfe8 16. e5 dxe5 17. d6 Qb7 18. Nxe5 Nh5 19. Nxd7 Nxf4 20. Qxf4 Qxd7 21. Nd5 Rad8 22. Nf6+ Bxf6 23. Qxf6 Re6 24. Rxe6 fxe6 25. Rd1 Rf8 26. Qe5 Rf5 27. Qe4 Kg7 28. b3 Rf7 29. Rd3 Rf5 30. Qa8 Rf8 31. Qxa6 Qc6 32. Qa7+ Rf7 33. Qxf7+ Kxf7 34. d7 1-0

[Event "TORO"]
[Site "Gatineau CAN"]
[Date "2013.06.08"]
[Round "2"]
[White "Yang, Ryan2"]
[Black "Donev, Danail"]
[Result "1-0"]
[WhiteElo "1866"]
[BlackElo "2070"]
[PlyCount "49"]
[GameId "2160767909347711"]
[EventDate "2013.06.07"]
[EventType "swiss"]
[EventRounds "5"]
[EventCountry "CAN"]

1. e4 c5 2. Nf3 d6 3. d4 cxd4 4. Nxd4 Nf6 5. Nc3 a6 6. Be2 e5 7. Nb3 Be7 8. Be3 Nbd7 9. Qd2 b5 10. f3 Bb7 11. a3 Rc8 12. O-O-O O-O 13. g4 Nb6 14. Kb1 Nc4 15. Bxc4 bxc4 16. Nc1 Qa5 17. Nd5 Qxd2 18. Nxe7+ Kh8 19. Bxd2 Rc7 20. Nf5 d5 21. Bb4 Rfc8 22. Bd6 Rd7 23. Bxe5 dxe4 24. Bxf6 Rxd1 25. Bxg7+ 1-0

[Event "TORO"]
[Site "Gatineau CAN"]
[Date "2013.06.08"]
[Round "3"]
[White "Tomb, Maroun"]
[Black "Yang, Ryan2"]
[Result "1-0"]
[WhiteElo "2184"]
[BlackElo "1866"]
[PlyCount "77"]
[GameId "2160767909347712"]
[EventDate "2013.06.07"]
[EventType "swiss"]
[EventRounds "5"]
[EventCountry "CAN"]

1. e4 c5 2. Nf3 d6 3. d4 cxd4 4. Nxd4 Nf6 5. Nc3 g6 6. Be3 Bg7 7. Bc4 O-O 8. f3 Nc6 9. Qd2 Bd7 10. O-O-O Rc8 11. Bb3 Ne5 12. Kb1 Nc4 13. Bxc4 Rxc4 14. Nb3 Qc7 15. Bg5 Be6 16. Nb5 Qb8 17. g4 Rfc8 18. c3 a6 19. N5d4 Bd7 20. h4 b5 21. a3 Qb6 22. Nc2 a5 23. e5 Ne8 24. Ne3 Be6 25. Nxc4 Bxc4 26. Nc1 Bxe5 27. h5 b4 28. cxb4 Rb8 29. hxg6 axb4 30. gxh7+ Kh8 31. Be3 Qa6 32. Bd4 bxa3 33. Bxe5+ dxe5 34. b4 Qa4 35. Ka1 Rxb4 36. Nd3 Bxd3 37. Qg5 Nf6 38. Qg7+ Kxg7 39. h8=Q+ 1-0

[Event "TORO"]
[Site "Gatineau CAN"]
[Date "2013.06.09"]
[Round "4"]
[White "Yang, Ryan2"]
[Black "Dunne, Francesco"]
[Result "0-1"]
[WhiteElo "1866"]
[BlackElo "2072"]
[PlyCount "106"]
[GameId "2160767909347713"]
[EventDate "2013.06.07"]
[EventType "swiss"]
[EventRounds "5"]
[EventCountry "CAN"]

1. e4 e5 2. Nf3 Nc6 3. Bb5 a6 4. Ba4 Nf6 5. O-O b5 6. Bb3 Be7 7. Re1 O-O 8. c3 d6 9. h3 Na5 10. Bc2 c5 11. d4 Nd7 12. Nbd2 exd4 13. cxd4 Nc6 14. dxc5 dxc5 15. Nf1 Qc7 16. a4 Rb8 17. Ne3 Nb4 18. Bb1 Rd8 19. Qe2 c4 20. axb5 axb5 21. Bd2 Ne5 22. Nxe5 Qxe5 23. Bc3 Qc5 24. Nf5 Bxf5 25. exf5 Nd5 26. Be5 Rbc8 27. Ra3 Bf6 28. Bxf6 Nxf6 29. g4 Re8 30. Re3 Rxe3 31. Qxe3 Qxe3 32. fxe3 b4 33. Rc1 h6 34. Kf2 Nd7 35. Ba2 Ne5 36. Bb1 Ra8 37. Ke2 Kf8 38. Rd1 Ke7 39. Rd5 f6 40. Rb5 Ra4 41. Rb7+ Kd6 42. Be4 Nd7 43. Bb1 Nc5 44. Rxg7 Ra1 45. Bc2 Ra2 46. Kd2 Rxb2 47. Kc1 c3 48. Rf7 b3 49. Rxf6+ Ke5 50. Rc6 Rxc2+ 51. Kb1 Rb2+ 52. Ka1 Ra2+ 53. Kb1 c2+ 0-1

[Event "TORO"]
[Site "Gatineau CAN"]
[Date "2013.06.09"]
[Round "5"]
[White "Yang, Ryan2"]
[Black "Sadeghi, Saeid"]
[Result "1/2-1/2"]
[WhiteElo "1866"]
[BlackElo "2018"]
[PlyCount "79"]
[GameId "2160767909347714"]
[EventDate "2013.06.07"]
[EventType "swiss"]
[EventRounds "5"]
[EventCountry "CAN"]

1. c4 Nf6 2. Nc3 e6 3. e4 d6 4. d4 c5 5. d5 exd5 6. cxd5 g6 7. f4 Bg7 8. Nf3 Bg4 9. Be2 O-O 10. O-O Re8 11. h3 Bxf3 12. Bxf3 Nfd7 13. Qc2 Na6 14. Bd2 Rb8 15. Rae1 b5 16. Be2 c4 17. a4 bxa4 18. Nxa4 Ndc5 19. Nxc5 Nxc5 20. e5 Nd3 21. Bxd3 cxd3 22. Qxd3 dxe5 23. fxe5 Bxe5 24. Bc3 Qd6 25. Qf3 f6 26. Ra1 Rb7 27. Qd3 Rd7 28. Rfd1 Red8 29. Bxe5 Qxe5 30. Qb3 Qb8 31. Qa2 Kg7 32. Kh1 Qb7 33. Kg1 Kh6 34. Kh1 Rxd5 35. Rxd5 Rxd5 36. Qxa7 Qxb2 37. Qe3+ g5 38. Rf1 Qe5 39. Qf3 Kg6 40. Kg1 1/2-1/2

[Event "TORO U1500"]
[Site "Gatineau CAN"]
[Date "2013.06.07"]
[Round "1"]
[White "Legare, Gilles"]
[Black "Kearnan, Daniel"]
[Result "0-1"]
[WhiteElo "1150"]
[BlackElo "1426"]
[PlyCount "60"]
[GameId "2160767909347715"]
[EventDate "2013.06.07"]
[EventType "swiss"]
[EventRounds "5"]
[EventCountry "CAN"]

1. e4 c5 2. Nc3 Nc6 3. Nf3 d6 4. Bb5 Bd7 5. Bxc6 Bxc6 6. d4 cxd4 7. Nxd4 g6 8. Be3 Bg7 9. O-O Nf6 10. Nxc6 bxc6 11. Qe2 O-O 12. a4 a5 13. Bg5 Rb8 14. Rab1 Qc7 15. b3 Rfe8 16. Nd1 Nd7 17. Ne3 Nc5 18. Ng4 Rb4 19. Nh6+ Bxh6 20. Bxh6 Nxe4 21. Bd2 Nxd2 22. Qxd2 Qb6 23. Kh1 Rb8 24. Qe3 Qxe3 25. fxe3 Re4 26. Rf3 Rxa4 27. h4 Rxh4+ 28. Kg1 a4 29. Kf2 axb3 30. cxb3 Rhb4 0-1

[Event "TORO U1500"]
[Site "Gatineau CAN"]
[Date "2013.06.08"]
[Round "2"]
[White "Kearnan, Daniel"]
[Black "Ju, Lawrence"]
[Result "1/2-1/2"]
[WhiteElo "1426"]
[BlackElo "1128"]
[PlyCount "60"]
[GameId "2160767909347718"]
[EventDate "2013.06.07"]
[EventType "swiss"]
[EventRounds "5"]
[EventCountry "CAN"]

1. d4 Nf6 2. c4 g6 3. Nc3 Bg7 4. e4 d6 5. Nf3 Bg4 6. Be2 O-O 7. Be3 Nc6 8. d5 Bxf3 9. Bxf3 Ne5 10. Be2 c6 11. O-O cxd5 12. cxd5 b6 13. Qd2 Rc8 14. Bh6 Bxh6 15. Qxh6 Qd7 16. h3 e6 17. Rad1 exd5 18. Nxd5 Nxd5 19. Rxd5 Rc2 20. Bb5 Qe6 21. Rfd1 Rxb2 22. f4 Nd7 23. Bxd7 Qxd7 24. Rxd6 Qc7 25. Qg5 Rxa2 26. Rd8 Rxd8 27. Rxd8+ Kg7 28. f5 Ra1+ 29. Kf2 Ra2+ 30. Kg1 Ra1+ 1/2-1/2

[Event "TORO U1900"]
[Site "Gatineau CAN"]
[Date "2013.06.09"]
[Round "4"]
[White "Saha, Ananda"]
[Black "Danilov, Alex"]
[Result "1-0"]
[WhiteElo "1735"]
[BlackElo "1693"]
[PlyCount "39"]
[GameId "2160767738660350"]
[EventDate "2013.06.07"]
[EventType "swiss"]
[EventRounds "5"]
[EventCountry "CAN"]

1. d4 Nf6 2. c4 e6 3. Nc3 Bb4 4. e3 c5 5. Nge2 cxd4 6. exd4 O-O 7. a3 Be7 8. Bg5 d5 9. c5 a5 10. g3 b6 11. b4 Bb7 12. Bg2 axb4 13. axb4 Rxa1 14. Qxa1 bxc5 15. bxc5 Nc6 16. O-O Qd7 17. Rb1 h6 18. Bf4 g5 19. Be5 Nxe5 20. dxe5 {Cet abandon m'est incompréhensible.} 1-0

[Event "Thanksgiving op"]
[Site "Toronto CAN"]
[Date "2013.10.13"]
[Round "3"]
[White "Arandia, Henry"]
[Black "Oganesyan, Hayk"]
[Result "1-0"]
[WhiteElo "2120"]
[BlackElo "1982"]
[PlyCount "77"]
[GameId "2160767909225080"]
[EventDate "2013.10.12"]
[EventType "swiss"]
[EventRounds "6"]
[EventCountry "CAN"]

1. d4 Nf6 2. Nc3 d5 3. Bg5 c6 4. f3 Bf5 5. Qd2 h6 6. Bxf6 exf6 7. e4 dxe4 8. fxe4 Bg6 9. Nf3 Bb4 10. Bd3 O-O 11. O-O Re8 12. Rae1 Nd7 13. a3 Bd6 14. Kh1 Qc7 15. Nd1 Re7 16. c4 Rae8 17. Nc3 Bf4 18. Qf2 Qb8 19. b4 Bc7 20. g3 Rd8 21. Nh4 Nf8 22. c5 Be5 23. Ne2 Red7 24. Nxg6 Nxg6 25. Bc4 Bxd4 26. Qf5 Ne5 27. Bb3 Bb2 28. Nf4 Nd3 29. Nxd3 Rxd3 30. Bc2 Rd2 31. e5 Bxe5 32. Qh7+ Kf8 33. Qh8+ Ke7 34. Qxg7 Kd7 35. Qxf7+ Kc8 36. Bf5+ R2d7 37. Rd1 Qc7 38. Rxd7 Rxd7 39. Rd1 1-0

[Event "Thanksgiving op U1500"]
[Site "Toronto CAN"]
[Date "2013.10.12"]
[Round "1"]
[White "Zhang, Jia Yuan"]
[Black "Pishdad, Hassan"]
[Result "1/2-1/2"]
[WhiteElo "728"]
[BlackElo "1156"]
[PlyCount "62"]
[GameId "2160767909225081"]
[EventDate "2013.10.12"]
[EventType "swiss"]
[EventRounds "6"]
[EventCountry "CAN"]

1. d4 Nf6 2. c4 e6 3. Nc3 d5 4. Bg5 Be7 5. g3 c6 6. Bg2 dxc4 7. Nf3 Nd5 8. Bxe7 Qxe7 9. e4 Nb4 10. Ne5 f6 11. Nxc4 O-O 12. O-O b5 13. Ne3 Bb7 14. a3 N4a6 15. f4 Nd7 16. Qg4 Rab8 17. f5 e5 18. d5 Qc5 19. Ncd1 Nb6 20. b4 Qd4 21. dxc6 Bxc6 22. Rc1 Rbc8 23. Kh1 Nc4 24. Nxc4 bxc4 25. Qe2 Bb5 26. Ne3 Qd3 27. Qf2 Qxa3 28. Nc2 Qd3 29. Qf3 Qxf3 30. Rxf3 Nb8 31. Na3 a6 1/2-1/2

[Event "Thanksgiving op U1500"]
[Site "Toronto CAN"]
[Date "2013.10.12"]
[Round "2"]
[White "Pishdad, Hassan"]
[Black "Atanasova, Rada"]
[Result "0-1"]
[WhiteElo "1156"]
[BlackElo "848"]
[PlyCount "52"]
[GameId "2160767909225082"]
[EventDate "2013.10.12"]
[EventType "swiss"]
[EventRounds "6"]
[EventCountry "CAN"]

1. d4 d5 2. c4 c6 3. Nc3 Nf6 4. cxd5 cxd5 5. Nf3 Nc6 6. e3 a6 7. Bd3 Bg4 8. h3 Bxf3 9. Qxf3 e5 10. dxe5 Nxe5 11. Qd1 Bb4 12. Qa4+ b5 13. Qxb4 Nxd3+ 14. Ke2 Nxb4 15. Rd1 O-O 16. a3 Nc6 17. b4 Re8 18. Kf1 a5 19. Bb2 axb4 20. axb4 Rxa1 21. Bxa1 Ne4 22. Nxb5 Qb6 23. Rxd5 Rd8 24. Rxd8+ Nxd8 25. Nd4 Ne6 26. f3 Qa6+ 0-1

[Event "Thanksgiving op U1500"]
[Site "Toronto CAN"]
[Date "2013.10.13"]
[Round "3"]
[White "Souchko, Larissa"]
[Black "Pishdad, Hassan"]
[Result "0-1"]
[WhiteElo "1041"]
[BlackElo "1156"]
[PlyCount "56"]
[GameId "2160767909225083"]
[EventDate "2013.10.12"]
[EventType "swiss"]
[EventRounds "6"]
[EventCountry "CAN"]

1. e4 c5 2. Nc3 e6 3. d3 d5 4. e5 Nc6 5. f4 Nh6 6. Nf3 d4 7. Ne2 Nf5 8. Ng3 Nxg3 9. hxg3 Be7 10. g4 Bd7 11. a3 Qc7 12. Qe2 O-O-O 13. g5 Kb8 14. c3 Rde8 15. Bd2 Na5 16. Qd1 Nc6 17. b4 h6 18. b5 hxg5 19. Rxh8 Rxh8 20. bxc6 Bxc6 21. c4 Rh1 22. Kf2 g4 23. Ng1 g3+ 24. Ke2 Qd8 25. a4 Qh8 26. Qb1 Qh5+ 27. Nf3 Bxf3+ 28. gxf3 Qh2+ 0-1

[Event "Thanksgiving op U1500"]
[Site "Toronto CAN"]
[Date "2013.10.13"]
[Round "4"]
[White "Kathirkamar, Vaanie"]
[Black "Pishdad, Hassan"]
[Result "0-1"]
[WhiteElo "1053"]
[BlackElo "1156"]
[PlyCount "70"]
[GameId "2160767909225084"]
[EventDate "2013.10.12"]
[EventType "swiss"]
[EventRounds "6"]
[EventCountry "CAN"]

1. e4 c5 2. Ne2 e6 3. g3 d5 4. Bg2 Nc6 5. d3 Nf6 6. f3 d4 7. c3 e5 8. cxd4 cxd4 9. f4 Bg4 10. f5 Bb4+ 11. Bd2 O-O 12. h3 Bxe2 13. Qxe2 Rc8 14. g4 Qb6 15. g5 Nd7 16. h4 Bxd2+ 17. Nxd2 Nb4 18. Nc4 Rxc4 19. dxc4 d3 20. Qd2 Nc2+ 21. Kf1 Nxa1 22. Qxd3 Qd4 23. Qb1 Qxc4+ 24. Kg1 Nc2 25. Qc1 Qd4+ 26. Kh2 Ne3 27. g6 fxg6 28. fxg6 Nxg2 29. gxh7+ Kh8 30. Rg1 Nxh4 31. Rxg7 Qf2+ 32. Kh3 Rf3+ 33. Kg4 Qg3+ 34. Kh5 Nf6+ 35. Kh6 Qxg7# 0-1

[Event "Thanksgiving op U1500"]
[Site "Toronto CAN"]
[Date "2013.10.14"]
[Round "5"]
[White "Pishdad, Hassan"]
[Black "Bercovici, Mark"]
[Result "0-1"]
[WhiteElo "1156"]
[BlackElo "1324"]
[PlyCount "83"]
[GameId "2160767909229181"]
[EventDate "2013.10.12"]
[EventType "swiss"]
[EventRounds "6"]
[EventCountry "CAN"]

1. d4 Nf6 2. c4 e6 3. a3 d5 4. Nc3 c5 5. cxd5 exd5 6. e3 Nc6 7. Bb5 a6 8. Ba4 b5 9. Bc2 Be7 10. Nge2 b4 11. axb4 cxb4 12. Na4 a5 13. O-O O-O 14. Ng3 Ba6 15. Re1 Bd6 16. Nf5 Bc7 17. Nc5 Bc8 18. f4 Bb6 19. Na4 Ba7 20. Rf1 Re8 21. Rf3 Ne4 22. g4 g6 23. Nh6+ Kf8 24. Bxe4 Rxe4 25. g5 Qe8 26. h3 Nxd4 27. Rg3 Ne6 28. Qxd5 Nxf4 29. Qd6+ Qe7 30. Qxe7+ Rxe7 31. Kh2 Nd3 32. Kg1 Nxc1 33. Rxc1 Bxe3+ 34. Rxe3 Rxe3 35. Nb6 Rb3 36. Nxc8 a4 37. Nd6 a3 38. bxa3 bxa3 39. Ra1 Rab8 40. Ndxf7 Rb1+ 41. Rxb1 Rxb1+ 42. Kf2 0-1

[Event "Thanksgiving op U1500"]
[Site "Toronto CAN"]
[Date "2013.10.14"]
[Round "6"]
[White "Pishdad, Hassan"]
[Black "Gilani, Mysha"]
[Result "0-1"]
[WhiteElo "1159"]
[BlackElo "1210"]
[PlyCount "164"]
[GameId "2160767909229182"]
[EventDate "2013.10.12"]
[EventType "swiss"]
[EventRounds "6"]
[EventCountry "CAN"]

1. d4 Nf6 2. c4 e6 3. Nc3 d5 4. e4 Bb4 5. a3 Bxc3+ 6. bxc3 Nxe4 7. Bb2 O-O 8. Nf3 Re8 9. Bd3 Nf6 10. O-O Nc6 11. Re1 b6 12. c5 Bb7 13. c4 dxc4 14. Bxc4 Qe7 15. d5 Rad8 16. Bxf6 Qxf6 17. cxb6 axb6 18. Qe2 Na5 19. Bb5 c6 20. dxc6 Nxc6 21. Rac1 e5 22. Qe4 Na5 23. Qe3 Re6 24. Bf1 Bxf3 25. gxf3 Qh4 26. h3 Rg6+ 27. Kh2 f6 28. Qxb6 Qf4+ 29. Kh1 Qxf3+ 30. Kh2 Ra8 31. Qe6+ Kf8 32. Rc8+ Rxc8 33. Qxc8+ Ke7 34. Qc5+ Ke6 35. Rb1 Qf4+ 36. Kh1 Qe4+ 37. Kh2 Qxb1 38. Qc8+ Kd5 39. Qa8+ Kd4 40. Qa7+ Kc3 41. Qxa5+ Kc2 42. Qa4+ Kc1 43. Qa5 Qc2 44. Qe1+ Kb2 45. Qb4+ Qb3 46. Bc4 Qxb4 47. axb4 e4 48. Bf7 Rg5 49. Be8 Rd5 50. b5 Rd8 51. Bc6 Kc3 52. Bxe4 g6 53. Kg3 Rb8 54. Bc6 Kc4 55. Kf4 Kd3 56. f3 Kd4 57. h4 h6 58. Bd7 Rd8 59. Bc6 Rd6 60. Kg3 Ke3 61. Be8 f5 62. Bc6 Rd1 63. b6 Rb1 64. b7 Rb6 65. Bd5 Kd4 66. Bc6 Kc5 67. Be8 Rxb7 68. Bxg6 Rg7 69. Kf4 Rxg6 70. Kxf5 Rg1 71. f4 Rf1 72. Ke5 Kc6 73. f5 Kd7 74. Kf6 Rg1 75. Kf7 Rg4 76. h5 Rh4 77. Kg6 Ke7 78. f6+ Ke6 79. f7 Rf4 80. Kxh6 Kxf7 81. Kh7 Rh4 82. h6 Kf6 0-1